000 00516nam a2200217Ia 4500
003 OSt
005 20230317163251.0
008 210423s2015 xx 000 0 und d
020 _a978-81-7599-282-5
040 _cAL
041 _aeng
082 _a823.9
_223
_bWELW
100 _aWELLS (H G)
_976281
245 _aWar of the worlds
260 _aNew Delhi
_bFingerprint
_c2015
300 _a215
_bPB
365 _b199
_cINR
650 _aEnglish Fiction
_976282
906 _aWar ; worlds
942 _2ddc
_cBK
999 _c168694
_d168694